000 00929nac a22002897a 4500
001 BR0003807
003 BR-BrBNA
005 20240105122450.0
008 230509b bl.|||m| |||| 00| 0 por d
040 _aBR-BrBNA
_bpor
_cBiblioteca Nacional de Agricultura
072 _aF03; N20
090 _a1954 BR0003807
100 1 _aFernandes, C.D.
100 1 _aGrof, B.
100 1 _aCarvalho, J. de
110 1 _aEMBRAPA Gado de Corte, Campo Grande, MS (Brasil0
_93622
245 1 _aEscarificacao mecanica de sementes de Stylosantes spp. com beneficiadora de arroz
260 3 _aCampo Grande, MS (Brasil):
_c1999.
300 _a4 p.
490 _aComunicado Tecnico - EMBRAPA Gado de Corte (Brazil)
_vno. 60
_xISSN 1516-9308
650 _aStilosante
650 _aEscarificacao
650 _aBeneficiador
650 _aDormencia da Semente
909 _a202312
_bLúcia Elande
_c55
_dLúcia Elande
942 _2AGRIS
_n0
_cMS
999 _c291177
_d291177